| 000 | 01180nam0a2200313 4500 | ||
|---|---|---|---|
| 001 | RU\NLR\bibl\1701999 | ||
| 005 | 20250616062018.0 | ||
| 010 | _a978-5-17-069320-7 | ||
| 010 |
_a978-5-271-29887-5 _94000 |
||
| 021 |
_aRU _b2010-80341 _95356 |
||
| 035 | _a(NLR Aleph) 001693070 | ||
| 090 |
_a1173045 _c1173045 |
||
| 100 | _a20101119d2010 |||y0rusy50 ca | ||
| 101 | 1 |
_arus _ceng |
|
| 102 | _aRU | ||
| 105 | _aa ||||||||| | ||
| 200 | 1 |
_aТанки и бронемашины от возникновения до наших дней _eиллюстрированная энциклопедия _f[пер. с англ. Б.Т. Герцена] |
|
| 210 |
_aМосква _cАСТ _cАстрель _d2010 |
||
| 215 |
_a445, [1] с. _cил., цв. ил. _d29 |
||
| 320 | _aУказ. в конце кн. | ||
| 606 | 0 |
_aБронетанковая техника _jЭнциклопедии _91208173 _3RU\NLR\auth\66171591 |
|
| 606 | 1 |
_aТанки _jЭнциклопедии _91308196 _3RU\NLR\auth\66225612 |
|
| 686 | _aЦ531.1я20 | ||
| 702 | 1 |
_aГерцен _bБ. Т. _4730 |
|
| 801 | 0 |
_aRU _bNLR _c20101119 _gRCR |
|
| 801 | 1 |
_aRU _bNLR _c20101119 |
|
| 942 | _cBOOK | ||
| 980 | _aNB | ||